Historia de la literatura hispanoamericana (Record no. 90074)

MARC details
000 -LEADER
campo de control de longitud fija 00591nam a2200193 i 4500
001 - NÚMERO DE CONTROL
campo de control 90074
003 - IDENTIFICADOR DE NÚMERO DE CONTROL
campo de control ES-MaACL
007 - CAMPO FIJO DE DESCRIPCIÓN FÍSICA--INFORMACIÓN GENERAL
campo de control de longitud fija t|
008 - DATOS DE LONGITUD FIJA--INFORMACIÓN GENERAL
campo de control de longitud fija 050118s1969 mx ||||1| spa d
100 1# - ENTRADA PRINCIPAL--NOMBRE DE PERSONA
Nombre de persona Lazo, Raimundo.
9 (RLIN) 70821
245 10 - MENCIÓN DEL TÍTULO
Título Historia de la literatura hispanoamericana
Resto del título : el periodo colonial (1492-1780) /
Mención de responsabilidad, etc. Raimundo Lazo.
250 ## - MENCION DE EDICION
Mención de edición 2ª ed.
260 ## - PUBLICACIÓN, DISTRIBUCIÓN, ETC.
Lugar de publicación, distribución, etc. México :
Nombre del editor, distribuidor, etc. Porrúa,
Fecha de publicación, distribución, etc. 1969.
300 ## - DESCRIPCIÓN FÍSICA
Extensión XVII, 370 p. ;
Dimensiones 22 cm.
490 1# - MENCIÓN DE SERIE
Mención de serie Sepan cuantos... ;
Designación de volumen o secuencia 38
830 00 - PUNTO DE ACCESO ADICIONAL DE SERIE-TÍTULO UNIFORME
Título uniforme Sepan cuantos_
Designación de volumen o secuencia 38
9 (RLIN) 180801
852 ## - LOCALIZACIÓN
Ubicación ES-MaACL
Número de control de estantería E-9384
Sublocalización o colección R.94105
Holdings
Estatus retirado Estado de pérdida Estado de daño No para préstamo Biblioteca de origen Biblioteca actual Ubicación en estantería Fecha de adquisición Fuente de adquisición Total de préstamos Signatura topográfica completa Código de barras Visto por última vez Precio de reemplazo Tipo de ítem Koha
        Biblioteca del Ateneo de Madrid Biblioteca del Ateneo de Madrid Depósito 2 17/01/2008     E-9384 1094067 23/02/2023 23/02/2023 Libro impreso